| 000 -LEADER |
| fixed length control field |
01596cam a22003973a 4500 |
| 001 - CONTROL NUMBER |
| control field |
19412715 |
| 003 - CONTROL NUMBER IDENTIFIER |
| control field |
Nust |
| 005 - DATE AND TIME OF LATEST TRANSACTION |
| control field |
20170310105153.0 |
| 008 - FIXED-LENGTH DATA ELEMENTS--GENERAL INFORMATION |
| fixed length control field |
161220s1989 nyu 000 1 eng d |
| 010 ## - LIBRARY OF CONGRESS CONTROL NUMBER |
| LC control number |
2016659059 |
| 020 ## - INTERNATIONAL STANDARD BOOK NUMBER |
| International Standard Book Number |
9780671637804 |
| Qualifying information |
(pbk.) |
| 020 ## - INTERNATIONAL STANDARD BOOK NUMBER |
| International Standard Book Number |
0671637800 |
| Qualifying information |
(pbk.) |
| 020 ## - INTERNATIONAL STANDARD BOOK NUMBER |
| International Standard Book Number |
9780671727642 |
| Qualifying information |
(pbk.) |
| 020 ## - INTERNATIONAL STANDARD BOOK NUMBER |
| International Standard Book Number |
0671727648 |
| Qualifying information |
(pbk.) |
| 020 ## - INTERNATIONAL STANDARD BOOK NUMBER |
| International Standard Book Number |
9780671737610 |
| 035 ## - SYSTEM CONTROL NUMBER |
| System control number |
(OCoLC)ocm19342529 |
| 040 ## - CATALOGING SOURCE |
| Original cataloging agency |
XWA |
| Language of cataloging |
eng |
| Transcribing agency |
XWA |
| Modifying agency |
BTCTA |
| -- |
BNY |
| -- |
KYL |
| -- |
MVP |
| -- |
HQB |
| -- |
XYZ |
| -- |
BAKER |
| -- |
QJB |
| -- |
ZE3 |
| -- |
OCLCQ |
| -- |
LF3 |
| -- |
OCLCQ |
| -- |
OCLCO |
| -- |
OCLCQ |
| -- |
MU3 |
| -- |
ANK |
| -- |
OCLCF |
| -- |
OCLCO |
| -- |
OCLCQ |
| -- |
OCLCO |
| -- |
OCL |
| -- |
OCLCO |
| -- |
CD5 |
| -- |
DLC |
| 042 ## - AUTHENTICATION CODE |
| Authentication code |
lccopycat |
| 050 00 - LIBRARY OF CONGRESS CALL NUMBER |
| Classification number |
CPB Box no. 3938 vol. 5 |
| 082 ## - DEWEY DECIMAL CLASSIFICATION NUMBER |
| Classification number |
813.54 |
| Author Mark |
MCN |
| 100 1# - MAIN ENTRY--PERSONAL NAME |
| Personal name |
McNaught, Judith. |
| 245 12 - TITLE STATEMENT |
| Title |
A kingdom of dreams / |
| Statement of responsibility, etc. |
Judith McNaught. |
| 260 ## - PUBLICATION, DISTRIBUTION, ETC. |
| Place of publication, distribution, etc. |
New York : |
| Name of publisher, distributor, etc. |
Pocket Books, |
| Date of publication, distribution, etc. |
1989. |
| 300 ## - PHYSICAL DESCRIPTION |
| Extent |
438 p. ; |
| Dimensions |
18 cm |
| 490 0# - SERIES STATEMENT |
| Series statement |
Pocket Books Romance |
| 520 ## - SUMMARY, ETC. |
| Summary, etc. |
Abducted from her covent school, headstrong Scottish beauty Jennifer Merrick does not easily surrender to Royce Westmoreland, Duke of Claymore. |
| 650 #0 - SUBJECT ADDED ENTRY--TOPICAL TERM |
| Topical term or geographic name entry element |
Aristocracy (Social class) |
| Geographic subdivision |
England |
| Form subdivision |
Fiction. |
| 650 #0 - SUBJECT ADDED ENTRY--TOPICAL TERM |
| Topical term or geographic name entry element |
Man-woman relationships |
| Form subdivision |
Fiction. |
| 650 #0 - SUBJECT ADDED ENTRY--TOPICAL TERM |
| Topical term or geographic name entry element |
Scotland |
| Form subdivision |
Fiction. |
| 650 #0 - SUBJECT ADDED ENTRY--TOPICAL TERM |
| Topical term or geographic name entry element |
Romantic suspense fiction. |
| 655 #7 - INDEX TERM--GENRE/FORM |
| Genre/form data or focus term |
Romantic suspense fiction. |
| Source of term |
gsafd |
| 655 #7 - INDEX TERM--GENRE/FORM |
| Genre/form data or focus term |
Historical fiction. |
| Source of term |
gsafd |
| 655 #7 - INDEX TERM--GENRE/FORM |
| Genre/form data or focus term |
Love stories. |
| Source of term |
gsafd |
| 710 2# - ADDED ENTRY--CORPORATE NAME |
| Corporate name or jurisdiction name as entry element |
Copyright Paperback Collection (Library of Congress) |
| Institution to which field applies |
DLC |
| 906 ## - LOCAL DATA ELEMENT F, LDF (RLIN) |
| a |
7 |
| b |
cbc |
| c |
copycat |
| d |
2 |
| e |
ncip |
| f |
20 |
| g |
y-genrareb |
| 942 ## - ADDED ENTRY ELEMENTS (KOHA) |
| Source of classification or shelving scheme |
|
| Koha item type |
Book |